Economic approaches to modeling fertility determinants: a selective review (Record no. 227138)

000 -LEADER
fixed length control field 00548cam a22001457a 4500
008 - FIXED-LENGTH DATA ELEMENTS--GENERAL INFORMATION
fixed length control field 180718b1993 xxu||||| |||| 00| 0 eng d
100 ## - MAIN ENTRY--PERSONAL NAME
Personal name Arroyo III, Cristino R.
245 ## - TITLE STATEMENT
Title Economic approaches to modeling fertility determinants: a selective review
Statement of responsibility, etc. by Cristino R. Arroyo III
260 ## - PUBLICATION, DISTRIBUTION, ETC.
Place of publication, distribution, etc. Washington, D.C.
Name of publisher, distributor, etc. IBRD
Date of publication, distribution, etc. 1993
300 ## - PHYSICAL DESCRIPTION
Extent 70p.
440 ## - SERIES STATEMENT/ADDED ENTRY--TITLE
Title IBRD Working Papers: WPS 1085
650 ## - SUBJECT ADDED ENTRY--TOPICAL TERM
Topical term or geographic name entry element Birth control --Econometric models
650 ## - SUBJECT ADDED ENTRY--TOPICAL TERM
Topical term or geographic name entry element Fertility, Human --Econometric models
700 ## - ADDED ENTRY--PERSONAL NAME
Personal name IBRD. Population and Human Resources Department
Holdings
Withdrawn status Lost status Damaged status Not for loan Permanent Location Current Location Date acquired Barcode Date last seen Price effective from Koha item type
        Indian Institute of Public Administration Indian Institute of Public Administration 1993-06-18 WB3506 2018-07-20 2018-07-20 WB

Powered by Koha